| 000 | 01040nam a22003377a 4500 | ||
|---|---|---|---|
| 001 | 0067284 | ||
| 003 | KOHA_MİRAKIL | ||
| 005 | 20260207004713.0 | ||
| 007 | ta | ||
| 008 | 220609b2009 tu a|||gr||||#0|||0|tur | | ||
| 020 | _a9789750210808 | ||
| 040 |
_aTR-BiSEU _btur _cTR-BiSEU _erda |
||
| 041 | 0 | _atur | |
| 044 | _ctu | ||
| 050 |
_aQ180.55.M4 _bE75 2009 |
||
| 100 | 1 | _aErkuş, Adnan. | |
| 245 | 1 |
_aDavranış bilimleri için bilimsel araştırma süreci/ _cAdnan Erkuş ; Adnan Erkuş. |
|
| 250 | _a2. başka | ||
| 264 | 1 |
_aAnkara : _bSeçkin Yayıncılık _c2009 |
|
| 300 |
_a221 sayfa : _bresimli 24 cm. |
||
| 336 |
_ametin _btxt _2rdacontent |
||
| 337 |
_aaracısız _bn _2rdamedia |
||
| 338 |
_acilt _bnc _2rdacarrier |
||
| 490 | 1 |
_aAraştırma Yöntemler Dizisi ; _v5 |
|
| 500 | _aDizin var. | ||
| 650 | 0 |
_aMakine programcılığı--Kılavuzlar. _91472 |
|
| 650 | 0 |
_aPaket programlar--SolidWorks Kılavuzlar. _91473 |
|
| 830 | 1 |
_aAraştırma Yöntemler Dizisi ; _v5 _9127810 |
|
| 907 | _aBilim | ||
| 942 |
_2lcc _cBK |
||
| 999 |
_c67832 _d67832 |
||